Io no!... o forse sì /

محفوظ في:
التفاصيل البيبلوغرافية
المؤلف الرئيسي: LaRochelle, David (مؤلف)
مؤلفون آخرون: Soggia, Antonio (المترجم)
التنسيق: كتاب
اللغة:الإيطالية
منشور في: [Roma] : Biancoenero, 2014,
سلاسل:Young adult
الوسوم: إضافة وسم
لا توجد وسوم, كن أول من يضع وسما على هذه التسجيلة!

MARC

LEADER 00000nam a22000007i 4500
001 IT\ICCU\RMB\0791057
003 ItRI
005 20260115232154.0
008 141216s2014 it |||||| ||||| |||||c
020 |a 9788889921975 
024 3 1 |a 9788889921975 
040 |b ita  |c importazione bologna sebina 
041 7 |a ita  |2 ISO-639-2 
082 |a 813.6  |9 NARRATIVA AMERICANA IN LINGUA INGLESE, 2000-  |2 21 
100 1 |a LaRochelle, David  |0 IT\ICCU\TO0V\674583  |4 aut 
240 1 0 |a Absolutely, positively not...  |3 IT\ICCU\TO1\0011821  |9 LaRochelle, David 
245 1 0 |a Io no!... o forse sì /  |c David LaRochelle ; traduzione di Antonio Soggia. 
260 |a [Roma] :  |b Biancoenero,  |c 2014,  |g (stampa 2015) 
300 |a 222 p. ;  |c 21 cm 
500 |a Testo ad alta leggibilità stampato col font biancoenero© 
700 1 |a Soggia, Antonio  |0 IT\ICCU\TO0V\656825  |4 trl 
830 0 |a Young adult  |0 IT\ICCU\MOD\1713674 
942 |2 ddc  |c BK  |n 0 
952 |0 0  |1 0  |4 0  |6 R_813_600000000000000_LAR  |7 0  |9 21361  |a BO  |b BO  |d 2026-01-15  |i 17718  |l 0  |o R 813.6 LAR  |p BO17718  |r 2026-01-15 23:21:54  |w 2026-01-15  |x [Sebina 5] [1 v.]  |y BK  |z 1 v. 
999 |c 18248  |d 18248